Bohuslav Fuchs /

Gespeichert in:
Bibliographische Detailangaben
1. Verfasser: Kubinszky, Mihály (Verfasst von)
Weitere Verfasser: Major, Máté (Herausgegeben von)
Format: Buch
Sprache:Ungarisch
Veröffentlicht: Budapest : Akadémiai Kiadó, 1977
Ausgabe:1. vydanie
Schriftenreihe:Architektúra
Schlagworte:
Tags: Tag hinzufügen
Keine Tags, Fügen Sie das erste Tag hinzu!

MARC

LEADER 00000nam a22000003a 4500
001 0102120
003 SK-STU
005 20230523150443.4
007 ta
008 230523s ----xo-----e------000-0-----d
020 |a 963 05 1344 7 
040 |a STU  |b slo 
041 0 |a hun 
044 |a hu 
100 1 |a Kubinszky, Mihály  |4 aut 
245 1 0 |a Bohuslav Fuchs /  |c aut. Mihály Kubinszky ; ed. Máté Major 
250 |a 1. vydanie 
260 |a Budapest :  |b Akadémiai Kiadó,  |c 1977 
300 |a 22 s.,  |b 53 obr. 
490 0 |a Architektúra 
650 0 7 |a život a dielo 
650 0 7 |a architektonické dielo 
650 0 7 |a architekti českí 
650 0 7 |a architektúra česká 
650 0 7 |a Praha 
650 0 7 |a Brno 
650 0 7 |a obytné budovy 
650 0 7 |a občianske budovy 
700 1 |a Major, Máté  |4 edt 
996 |b 284AU09729  |c A* 13091/U  |l AAKNAR  |s A  |a 24  |w 0102120_0001